000 00684 a2200205 4500
999 _c8395
_d8395
020 _a1779051530
050 0 0 _aRA643.86 BEP 2004
100 1 _aBepura, Clive.
245 1 0 _aHIV/AIDS and Food Security /
_cClive Bepura.
264 _aHarare:
_bSapes Trust,
_c2004.
300 _a23 p. :
_bill., maps ;
440 _aSouthern African Political Economy Series
500 _a"SAPES Trust"--Cover p. [4].
504 _aIncludes bibliographical references (p. 23).
650 0 _aAIDS (Disease)
650 0 _aFood
_xSafety measures.
710 2 _aSAPES Trust.
942 _2lcc
_cBK
_h643.86
_iBEP
_kRA